En defensa de la unión europea

Uloženo v:
Podrobná bibliografie
Hlavní autor: Dahrendorf, Ralf
Médium: Text
Vydáno: Madrid: Tecnos
Tagy: Přidat tag
Žádné tagy, Buďte první, kdo vytvoří štítek k tomuto záznamu!

MARC

LEADER 00000 a a2200000 04500
001 25022
003
040
020 |a 84-309-0651-7  
090 |a 178100  
100 |a Dahrendorf, Ralf  
245 |a En defensa de la unión europea  
260 |a Madrid:   |b Tecnos  
300 |a 211 p.   |b **no definido**  
999 |c 14398  |d 14398